Statistics for Male Names By Country Of Origin

Click here to take the quiz!

General Stats

  • This quiz has been taken 34 times
  • The average score is 21 of 40

Answer Stats

NameCountry% Correct
JamesUnited Kingdom
100%
LuigiItaly
97%
ChenChina
94%
AntoineFrance
94%
AlejandroSpain
94%
WilhelmGermany
90%
TheodorosGreece
87%
SanjayIndia
81%
SatoshiJapan
81%
MaartenNetherlands
81%
MohammedSaudi Arabia
81%
BernardoPortugal
77%
GrzegorzPoland
74%
MaksimRussia
68%
MesutTurkey
68%
LászlóHungary
65%
IngólfurIceland
58%
MykhayloUkraine
58%
AliIran
52%
PádraigIreland
48%
KarelCzech Republic
45%
TaehyunKorea
45%
RasmusDenmark
42%
KrišjānisLatvia
39%
NatthapongThailand
39%
LauriFinland
35%
CătălinRomania
35%
DraganSerbia
35%
StoyanBulgaria
32%
GunawanIndonesia
32%
LennartSweden
32%
PärtEstonia
29%
GabrieliusLithuania
29%
KhoiVietnam
29%
VartanArmenia
19%
PachacutiPeru / Bolivia
19%
OusmaneSenegal
19%
AvtandilGeorgia
16%
KreshnikAlbania
10%
EphremEthiopia
3%

Score Distribution

Percentile by Number Answered

Percent of People with Each Score

Your Score History

You have not taken this quiz